000 00284nam a2200097Ia 4500
008 220204s9999 xx 000 0 und d
082 _aNR:063PRE 1983
_bRRM
245 0 _aPlanters Conference, 17-19 October 1983, Kuala Lumpur, Malaysia
260 _aKuala Lumpur
_bRRIM
_c1983
942 _cBK
999 _c43405
_d43405